[Event "Mexico City Independence Cup 11th"]
[Site "Mexico City"]
[Date "2022.09.14"]
[Round "1"]
[White "Garduno Huerta, Joshua Emiliano"]
[Black "Figueredo Losada, Leonel"]
[Result "0-1"]
[WhiteElo "1832"]
[BlackElo "2358"]
[PlyCount "72"]
[EventDate "2022.09.14"]
[EventType "tourn"]
[EventRounds "7"]
[EventCountry "MEX"]
[SourceTitle "CBM 210 Extra"]
[Source "ChessBase"]
[SourceDate "2022.11.30"]
[SourceVersion "1"]
[SourceVersionDate "2022.11.30"]
[SourceQuality "1"]

1. d4 d6 2. c4 g6 3. Nc3 Bg7 4. Nf3 Bg4 5. e4 Nc6 6. Be3 e5 7. d5 Nd4 8. Bxd4 exd4 9. Nb5 Bxf3 10. gxf3 c6 11. Na3 Nf6 12. Qa4 0-0 13. Nc2 Nh5 14. Nb4 Qf6 15. Qd1 a5 16. Nd3 b5 17. b3 bxc4 18. bxc4 cxd5 19. cxd5 Rac8 20. Be2 Rc3 21. Rc1 Rfc8 22. Rxc3 dxc3 23. Qc2 Nf4 24. Nxf4 Qxf4 25. Bd1 Rb8 26. a4 Rb2 27. Qd3 c2 28. Bxc2 Qc1+ 29. Qd1 Rxc2 30. 0-0 Qg5+ 31. Kh1 Rd2 32. Qc1 Be5 33. Rg1 Qf4 34. Rg2 Ra2 35. Qxf4 Bxf4 36. Rg4 g5 0-1

[Event "Las Americas Team op U2400 Hybrid"]
[Site "Internet"]
[Date "2022.05.14"]
[Round "3.8"]
[White "Carvajal Diaz, Alejandro Alfonso"]
[Black "Garduno Huerta, Joshua Emiliano"]
[Result "0-1"]
[WhiteElo "1378"]
[BlackElo "1637"]
[PlyCount "108"]
[EventDate "2022.05.14"]
[EventType "team-swiss"]
[EventRounds "5"]
[EventCountry "VEN"]
[SourceTitle "EXT 2023"]
[Source "ChessBase"]
[SourceDate "2022.10.05"]
[SourceVersion "1"]
[SourceVersionDate "2022.10.05"]
[SourceQuality "1"]

1. f4 d5 2. Nf3 Nf6 3. e3 Bf5 4. d4 e6 5. c4 c6 6. Nc3 Nbd7 7. Be2 Ne4 8. Bd2 Be7 9. 0-0 0-0 10. Rc1 Bg6 11. Ne5 Nxe5 12. fxe5 Nxd2 13. Qxd2 Rc8 14. cxd5 cxd5 15. Bd3 Bxd3 16. Qxd3 f6 17. exf6 Rxf6 18. Rxf6 Bxf6 19. Rf1 Qe7 20. a3 Rf8 21. Qe2 Bg5 22. Rxf8+ Qxf8 23. e4 Qf4 24. g3 Qe3+ 25. Qf2 dxe4 26. h4 Qxf2+ 27. Kxf2 Bc1 28. Nd1 Kf7 29. a4 Ke7 30. b3 Kd6 31. Nc3 a6 32. Nxe4+ Kd5 33. Nc5 b6 34. Nxa6 Kxd4 35. b4 Kc4 36. b5 Kb3 37. Nc7 Kxa4 38. Kf3 Bb2 39. Nxe6 Kxb5 40. Ke4 Kc4 41. Nf4 b5 42. Nd3 Bc3 43. g4 b4 44. g5 g6 45. Ne5+ Bxe5 46. Kxe5 b3 47. Kf6 b2 48. Kg7 b1Q 49. Kxh7 Kd5 50. Kh6 Ke6 51. Kg7 Qf5 52. Kh6 Kf7 53. Kh7 Qh3 54. h5 Qxh5# 0-1